Which Harry Potter Movie? (Voldemort) Quiz Stats

 Plays Quiz Updated Mar 4, 2019

Score 0/7 Timer 02:00
10 Plays Today
% Correct
Harry Potter and
the Deathly Hallows Part 2
95.9%
Harry Potter and
the Philosopher’s Stone
94.2%
Harry Potter and
the Deathly Hallows Part 1
89.7%
Harry Potter and
the Goblet of Fire
88.4%
Harry Potter and
the Chamber of Secrets
87%
Harry Potter and
the Half-Blood Prince
81.3%
Harry Potter and
the Order of the Phoenix
77%

You're not logged in!

Compare scores with friends on all Sporcle quizzes.
OR
Log In

Sporcle TV

Today on Sporcle TV


Watch our educational content, quiz creation guides, and fun videos on Sporcle TV.

Show Comments

Extras

Top Quizzes Today


Score Distribution

Your Account Isn't Verified!

In order to create a playlist on Sporcle, you need to verify the email address you used during registration. Go to your Sporcle Settings to finish the process.

Report this User

Report this user for behavior that violates our Community Guidelines.

Details: